Quick Pick: 'J' Athletes Quiz Stats

 Plays Quiz Updated Jan 15, 2018

Challenge
Share
Tweet
Embed
Score 0/10 Timer 01:00
9 Plays Today
% Correct
Michael Jordan
88.5%
LeBron James
87.9%
Magic Johnson
86.5%
Derek Jeter
84.2%
Calvin Johnson
72.3%
Jaromir Jagr
71.3%
Randy Johnson
68.7%
Andre Johnson
65.7%
Sonny Jurgensen
56.7%
Charlie Joiner
54.5%

Today's Daily Dose

You're not logged in!

Compare scores with friends on all Sporcle quizzes.
OR
Log In

You Might Also Like...

Show Comments

Extras

Top Quizzes Today


Score Distribution

Your Account Isn't Verified!

In order to create a playlist on Sporcle, you need to verify the email address you used during registration. Go to your Sporcle Settings to finish the process.

Report this User

Report this user for behavior that violates our Community Guidelines.

Details: